| 000 | 00701nam a2200205 i 4500 | ||
|---|---|---|---|
| 001 | 84371 | ||
| 003 | ES-MaACL | ||
| 005 | 20250926063052.0 | ||
| 007 | t| | ||
| 008 | 041122s1906 it ||||1| ita d | ||
| 100 | 1 |
_aJames, William, _d1842-1910 _965978 |
|
| 245 | 1 | 4 |
_aGli ideali della vita _b: discorsi ai giovani e discorsi ai maestri sulla Psicologia / _cWilliam James ; traduzione dall'inglese de G.C. Ferrari. |
| 250 | _a2a ed. | ||
| 260 |
_aTorino : _bFratelli Bocca, _c1906 ( _fG. Sacerdote) |
||
| 300 |
_aXX, 300 p. ; _c20 cm. |
||
| 650 | 0 | 7 |
_aPsicología de la educación _2embne _916558 |
| 700 | 1 |
_aFerrari, G. C. _950309 |
|
| 852 |
_aES-MaACL _jF-5972 |
||
| 999 |
_c84371 _d84371 |
||